History Quiz

Random History or Decade Quiz

Wars Venn Diagram Quiz Stats

 Plays Quiz not verified by Sporcle

Score 0/8 Timer 03:00
3 Plays Today
% Correct
Vietnam War
72.1%
Falklands War
66.4%
Russian Civil War
63.6%
First Opium War
62.2%
Spanish Civil War
58.6%
Crimean War
54.7%
American Revolutionary War
50.3%
Napoleonic Wars
49.4%

You're not logged in!

Compare scores with friends on all Sporcle quizzes.
OR
Log In

You Might Also Like...

Show Comments

Extras

Top Quizzes Today


Score Distribution

Your Account Isn't Verified!

In order to create a playlist on Sporcle, you need to verify the email address you used during registration. Go to your Sporcle Settings to finish the process.

Report this User

Report this user for behavior that violates our Community Guidelines.

Details: